000 00263nam a2200085Ia 4500
245 0 _aUnder a black cloud : our atmosphere under attack
100 _a SPALDING, Frank New York, 2009 1st ed
_969922
942 _cBK
008 210818s9999 xx 000 0 und d
999 _c443038
_d443038